000 00319nam a22001457a 4500
008 210223b ||||| |||| 00| 0 eng d
020 _a1623516037453
041 _aeng
080 _25th
_a159.9
082 _a159.9
100 _a48
101 _aPSI
245 _aAbnornal Psychology
_cDavison,G.C
942 _2udc
_cBK
999 _c55111
_d55111